Portugues para executivos

Gespeichert in:
Bibliographische Detailangaben
1. Verfasser: Santos, Gélson Clemente dos
Format: Buch
Sprache:Undetermined
Veröffentlicht: Río de Janeiro, Brasil Forense 1984
Ausgabe:2
Schlagworte:
Tags: Tag hinzufügen
Keine Tags, Fügen Sie den ersten Tag hinzu!

MARC

LEADER 00000nam a2200000Ia 4500
008 170316s9999 xx 000 0 und d
090 |a 415-P S-1p 
100 |a Santos, Gélson Clemente dos 
245 |a Portugues para executivos 
250 |a 2 
260 |a Río de Janeiro, Brasil 
260 |b Forense 
260 |c 1984 
300 |a 420 páginas 
650 |a GRAMÁTICA PORTUGUESA 
999 |c 19681  |d 19681 
040 |a cru BVZT 
942 |c 15 D  |h 415-P S-1p  |2 z